Stati dell'Alleanza dei piccoli Stati insulari - Statistics

Statistiche generali
  • Questo quiz è stato fatto 10 volte
  • Il punteggio medio è 32 su 39
Statistiche sulle risposte
Continente Nazione % Corretto
America del Nord Bahamas
100%
America del Nord Barbados
100%
Africa Capo Verde
100%
America del Nord Dominica
100%
Oceania Figi
100%
America del Nord Grenada
100%
America del Nord Haiti
100%
Oceania Isole Marshall
100%
Oceania Isole Salomone
100%
Africa Mauritius
100%
Oceania Nauru
100%
Oceania Palau
100%
America del Nord Repubblica Dominicana
100%
America del Nord Saint Kitts e Nevis
100%
America del Nord Saint Lucia
100%
America del Nord Saint Vincent e Grenadine
100%
Africa São Tomé e Príncipe
100%
Africa Seychelles
100%
Oceania Stati Federati di Micronesia
100%
Oceania Tonga
100%
Oceania Tuvalu
100%
Oceania Vanuatu
100%
America del Nord Antigua e Barbuda
88%
Africa Comore
88%
Oceania Kiribati
88%
Asia Maldive
88%
Oceania Samoa
88%
America del Nord Trinidad e Tobago
88%
America del Nord Cuba
75%
America del Nord Giamaica
75%
Asia Singapore
75%
Asia Timor Est
50%
America del Nord Belize
38%
America del Sud Guyana
38%
Oceania Niue
38%
Oceania Papua Nuova Guinea
38%
America del Sud Suriname
38%
Africa Guinea-Bissau
25%
Oceania Isole Cook
13%
Nessun quiz corrispondente trovato
Distribuzione punteggi
Percentuale di utenti per punteggio
Percentile per numero di risposta
I tuoi punteggi nel tempo
Non hai fatto questo quiz